|
|
|
|
| LEADER |
00000nam0a2200000 4500 |
| 001 |
283266 |
| 005 |
20231101235559.0 |
| 035 |
|
|
|a (RuTPU)RU\TPU\book\307324
|
| 090 |
|
|
|a 283266
|
| 100 |
|
|
|a 20150205d1983 m y0rusy50 ca
|
| 101 |
0 |
|
|a rus
|
| 102 |
|
|
|a RU
|
| 105 |
|
|
|a a j 001zy
|
| 200 |
1 |
|
|a Подготовка к испытаниям промышленных печей
|e учебное пособие для вузов
|f Л. А. Бровкин, Е. Н. Гнездов
|g Ивановский энергетический институт (ИЭИ)
|
| 210 |
|
|
|a Иваново
|c Изд-во ИвГУ
|d 1983
|
| 215 |
|
|
|a 52 с.
|c ил.
|
| 320 |
|
|
|a Библиогр.: с. 51
|
| 606 |
1 |
|
|a Промышленные печи
|x Подготовка к испытаниям
|x Режим работы
|2 stltpush
|3 (RuTPU)RU\TPU\subj\52552
|9 70964
|
| 610 |
1 |
|
|a балансовые методы
|
| 610 |
1 |
|
|a тепловой баланс
|
| 610 |
1 |
|
|a погрешности
|
| 610 |
1 |
|
|a приборы
|
| 610 |
1 |
|
|a техника безопасности
|
| 610 |
1 |
|
|a расчеты
|
| 610 |
1 |
|
|a схемы
|
| 610 |
1 |
|
|a замеры
|
| 610 |
1 |
|
|a учебные пособия
|
| 675 |
|
|
|a 621.783.2(075.8)
|v 3
|
| 700 |
|
1 |
|a Бровкин
|b Л. А.
|g Леонид Александрович
|
| 701 |
|
1 |
|a Гнездов
|b Е. Н.
|g Евгений Николаевич
|
| 712 |
0 |
2 |
|a Ивановский энергетический институт (ИЭИ)
|c (1930-1992)
|2 stltpush
|3 (RuTPU)RU\TPU\col\6341
|
| 801 |
|
1 |
|a RU
|b 63413507
|c 20150205
|
| 801 |
|
2 |
|a RU
|b 63413507
|c 20171024
|g RCR
|
| 942 |
|
|
|c BK
|